| 000 | 00902nac a22002411u 4500 | ||
|---|---|---|---|
| 010 | _a 00267500 | ||
| 020 | _a0944002153 | ||
| 082 |
_a650.1 _bP9613 |
||
| 090 |
_c2510 _d2510 |
||
| 100 | _aPritchett, Price. | ||
| 245 | 1 | 4 |
_aThe employee handbook of new work habits for a radically changing world : _b13 ground rules for job success in the information age / _cPrice Pritchett. |
| 246 | 3 | 0 | _aNew work habits for a radically changing world |
| 250 | _a[2nd ed.]. | ||
| 260 |
_aDallas, Tex. : _bPritchett & Associates, _c[1999] |
||
| 300 |
_a51 p. ; _c23 cm. |
||
| 500 | _aShuaa | ||
| 650 | 0 | _aCareer development. | |
| 650 | 0 | _aOrganizational change. | |
| 650 | 0 | _aWork ethic. | |
| 650 | 0 | _aAdaptability (Psychology) | |
| 942 |
_cBB _k650.1 P9613 |
||
| 999 |
_c2510 _d2510 |
||